Responses for show #8265 - Friday, October 23, 2020

Contestants

[<< previous game]

Jamelle Shannon, a senior crime scene analyst from Las Vegas, Nevada

Brian Adams, an educator from Big Bear Lake, California

Colin Davy, a data scientist originally from Chicago, Illinois (whose 1-day cash winnings total $26,100)

[next game >>]

Jeopardy! Round responses

A CATHOLIC EDUCATION
ANAGRAMS, HOW NOVEL!
A NUMBER BETWEEN 3 & 5
HISTORIC OBJECTS
DAME YANKEES
(Alex: These are American women who have been given an honorary British title.)
IDIOMS
    $200 19
the pope

Colin
    $200 12
Animal Farm

Colin
    $200 1
quadruplets

Colin
    $200 30
Lincoln

Colin
    $200 5
Angelina Jolie

Colin
    $200 3
(Brian: What is butt-dial?)
[Laughter]

pocket dial

BrianJamelle
    $400 20
confession

Jamelle
    $400 13
The Maltese Falcon

Jamelle
    $400 18
pi

Jamelle
    $400 17
the (Berlin) Wall

Colin
    $400 29
(Colin: Who is Hillary Clinton?)

Melinda Gates

ColinBrian
    $400 4
[Colin tries to buzz in]
(Alex: And that's when you [*]. Sorry, Colin, not quickly enough.)

push the envelope

Triple Stumper
    $600 21
a novice

Brian
    $600 14
Brave New World

Colin
    $600 11
a straight flush & a royal flush

Colin
    $600 16
Galileo

Colin
    $600 25
(Alex: Less than a minute now.)

Burberry

Jamelle
    $600 27
grass roots

Triple Stumper
    $800 22
the Jesuits

Triple Stumper
    $800 15
All Quiet on the Western Front

Brian
    $800 10
4-F

Brian
    $800 9
the Maine

Colin
    $800 7
(Brian: Who is Bette Midler?)

Elizabeth Taylor

Brian
Triple Stumper
    $800 26
the spotlight

Brian
    $1000 23
poverty

Brian
    $1000 24
Song of Solomon

Colin
    $1000 2
the Four Horsemen of the Apocalypse

Jamelle
    $1,000 8
(Colin: What is the Temple of Diana?)

the Parthenon

Colin
    $1000 6
(Brian: Who is Audrey Hepburn?)

Olivia de Havilland

Brian
Triple Stumper
    $1000 28
purple prose

Colin

Scores at the first commercial break (after clue 15):

Colin Brian Jamelle
$1,600 -$400 $1,600

Scores at the end of the Jeopardy! Round:

Colin Brian Jamelle
$4,600 $2,400 $3,000

Double Jeopardy! Round responses

THAT IS SO SOCAL
OPERA
HYBRIDS
MOVIE SUM-UP
HELPFUL HINTS
IT STARTS WITH "U"
    $400 17
Legoland

Jamelle
    $400 15
The Barber of Seville

Colin
    $400 27
the Sphinx

Jamelle
    $400 7
Die Hard

Colin
    $400 29
fall behind, spring forward

Brian
    $400 30
ultrasound

Colin
    $800 26
Hollywoodland

Brian
    $800 16
The Flying Dutchman

Jamelle
    $800 14
a centaur

Colin
    $800 28
(Colin: What is The Accountant?)

Argo

Colin
Triple Stumper
    $800 3
divide (division)

Brian
    $800 1
umlaut

Brian
    $1200 25
a California condor

Brian
    $1200 20
the can-can

Jamelle
    $2,400 13
a griffin

Brian
    $1200 10
My Dinner with Andre

Colin
    $1200 4
bookkeeper

Brian
    $1200 2
an urchin

Jamelle
    $1600 19
the Santa Anas

Colin
    $1600 22
the Druids

Jamelle
    $1600 12
the faun

Brian
    $1600 9
The Wild Bunch

Triple Stumper
    $1600 5
spades, hearts, diamonds & clubs

Brian
    $1600 18
utilitarianism

Colin
    $2000 24
Bakersfield

Jamelle
    $2,000 23
(Jamelle: What is Madame Butterfly?)

Nixon in China

Jamelle
    $2000 11
(Brian: What is a... Je-- no.)
(Colin: What is a chimera?)

a basilisk

ColinBrian
Triple Stumper
    $2000 8
(Brian: What is Checkmate?)
(Jamelle: What is Bill & Ted's Bogus Journey?)
(Alex: Oh, no, not even close.)
[Laughter]

The Seventh Seal

BrianJamelle
Triple Stumper
    $2000 6
Genesis & Exodus

Jamelle
    $2000 21
ubiquitous

Triple Stumper

Scores at the end of the Double Jeopardy! Round:

Colin Brian Jamelle
$8,200 $9,200 $8,600

[wagering suggestions for these scores]

Final Jeopardy! Round responses

19th CENTURY SUPREME COURT CASES
ColinWhat is Plessy v. Ferguson?
$0
JamelleWhat is the Dred Scott Case?
$4,000
BrianWhat is Plessy vs. Ferguson?
$8,001
Plessy v. Ferguson

Final scores:

Colin Brian Jamelle
$8,200 $17,201 $4,600
2nd place: $2,000 New champion: $17,201 3rd place: $1,000

Game dynamics:

Coryat scores:

Colin Brian Jamelle
$9,200 $8,000 $10,600
19 R,
4 W
(including 1 DD)
15 R
(including 1 DD),
5 W
14 R,
2 W
(including 1 DD)

Combined Coryat: $27,800

The J! Archive is created by fans, for fans. The Jeopardy! game show and all elements thereof, including but not limited to copyright and trademark thereto, are the property of Jeopardy Productions, Inc. and are protected under law. This website is not affiliated with, sponsored by, or operated by Jeopardy Productions, Inc. Join the discussion at JBoard.tv.